00508nam a2200145 a 450000100100000000500170001000800410002704000250006824500500009326000680014330000200021104900090023195201050024099900170034500002831620200930031532.0110407s1943 dr 000 0 spa d aDO-SdBNPbspacBNPHU03aUn manifiesto a los intelectuales cubanos. /. aCiudad Trujillo, República Dominicana, :bLa nación,c1943. a11 p. ;c20 cm. aBNPD 0010718PDaPDbPDcCTd2011-04-07iLF1l0o p28316-10r2020-06-25w2020-06-25yLFPDZNo se presta c27808d27808